Statistics for 5 Most Guessed Countries In... #2

Click here to take the quiz!

General Stats

  • This quiz has been taken 122 times
  • The average score is 22 of 25

Answer Stats

Hint % Guessed Answer % Correct
Biggest Countries by Area100%Russia
99%
Spanish Speaking Countries97%Spain
99%
Biggest Countries by Area99%United States
99%
Biggest Countries by Area98%Canada
97%
Biggest Countries by Area97%Brazil
97%
Countries in World War II99%Germany
97%
Biggest Countries by Area99%China
97%
Majority Muslim Countries94%Saudi Arabia
95%
Spanish Speaking Countries95%Mexico
95%
Countries in World War II97%United Kingdom
93%
Countries in World War II96%France
93%
Majority Muslim Countries96%Iran
92%
Majority Muslim Countries95%Iraq
92%
Spanish Speaking Countries94%Argentina
90%
Countries in World War II96%Japan
88%
Spanish Speaking Countries90%Colombia
86%
Spanish Speaking Countries91%Chile
85%
Majority Muslim Countries93%Pakistan
85%
Landlocked Countries84%Kazakhstan
78%
Majority Muslim Countries92%Egypt
77%
Landlocked Countries90%Mongolia
76%
Landlocked Countries82%Austria
68%
Landlocked Countries84%Chad
53%
Landlocked Countries80%Niger
51%

Score Distribution

Percentile by Number Answered

Percent of People with Each Score

Your Score History

You have not taken this quiz